Formula 1: Most Points Per Decade 2000-2009 - Statistics

General Stats
  • This quiz has been taken 496 times
  • The average score is 23 of 30
Answer Stats
Points Driver Nationality % Correct
577 Fernando Alonso Spain
99%
799 Michael Schumacher Germany
99%
267 Ralf Schumacher Germany
99%
579 Kimi Räikkönen Finland
98%
320 Felipe Massa Brazil
97%
530 Rubens Barrichello Brazil
95%
327 Jenson Button UK
94%
256 Lewis Hamilton UK
94%
307 Juan Pablo Montoya Colombia
93%
169.5 Mark Webber Australia
93%
126 Mika Häkkinen Finland
92%
137 Robert Kubica Poland
92%
314 David Coulthard UK
90%
55 Jacques Villeneuve Canada
88%
226 Giancarlo Fisichella Italy
84%
125 Sebastian Vettel Germany
84%
235.5 Jarno Trulli Italy
81%
105 Heikki Kovalainen Finland
80%
219 Nick Heidfeld Germany
72%
75.5 Nico Rosberg Germany
72%
44 Takuma Sato Japan
72%
28 Pedro de la Rosa Spain
63%
32 Heinz-Harald Frentzen Germany
62%
21 Alexander Wurz Austria
56%
51 Timo Glock Germany
54%
19 Nelson Piquet jr. Brazil
53%
18 Eddie Irvine UK
42%
20 Olivier Panis France
42%
14 Christian Klien Austria
39%
10 Christiano da Matta Brazil
17%
No matching quizzes found
Score Distribution
Percent of People with Each Score
Percentile by Number Answered
Your Score History
You have not taken this quiz